000 00334nam a2200133Ia 4500
005 20260328104256.0
008 260328s9999||||xx |||||||||||||| ||und||
100 _aAravena, Alejandro
245 0 _aElemental /
_cAlejandro Aravena
260 _bHatje Cantz
300 _a509 p.
650 _aVIVIENDA DE INTERÉS SOCIAL
942 _cBK
999 _c10424
_d10424